Australian Place Names: Click to Complete #1 - Statistics

General Stats
  • This quiz has been taken 5 times
  • The average score is 9 of 20
Answer Stats
Hint Answer % Correct
Wollon____ gong
80%
Jinda____ byne
60%
Maroochy____ dore
60%
Ulla_____ dulla
60%
Joonda___ lup
60%
Parra_____ matta
60%
Kunu_____ nurra
60%
Indooroo_____ pilly
60%
Denili____ quin
60%
Quean_____ beyan
40%
Woolloon_____ gabba
40%
Coolan_____ gatta
40%
Gee____ long
40%
Wolloo______ mooloo
40%
Cunna_____ mulla
40%
Kwi____ nana
40%
Oodna_____ datta
20%
Mooloo____ laba
20%
Budge___ woi
20%
Ara____ tula
0%
No matching quizzes found
Score Distribution
Percent of People with Each Score
Percentile by Number Answered
Your Score History
You have not taken this quiz